Monarchs of Sweden - Statistics

General Stats
  • This quiz has been taken 974 times
    968 since last reset
  • The average score is 42 of 67
Answer Stats
Reign Monarch % Correct
1973 - Present Carl XVI Gustaf
99%
1654 - 1660 Charles X Gustav
99%
1818 - 1844 Charles XIV John
99%
1604 - 1611 Charles IX
98%
1161 - 1167 Charles VII
98%
1448 - 1457 Charles VIII
98%
1464 - 1465 Charles VIII
98%
1467 - 1470 Charles VIII
98%
1660 - 1697 Charles XI
98%
1697 - 1718 Charles XII
98%
1809 - 1818 Charles XIII
98%
1859 - 1872 Charles XV
98%
1950 - 1973 Gustaf VI Adolf
97%
1611 - 1632 Gustav II Adolf
97%
1792 - 1809 Gustav IV Adolf
97%
1907 - 1950 Gustaf V
95%
1523 - 1560 Gustav I
95%
1771 - 1792 Gustav III
95%
1066 - 1067 Eric and Eric
88%
1156 - 1160 Eric IX
88%
1396 - 1439 Eric of Pomerania
88%
c. 970 - c. 995 Eric the Victorious
88%
1208 - 1216 Eric X
88%
1222 - c. 1229 Eric XI
88%
1234 - 1250 Eric XI
88%
1356 - 1359 Eric XII
88%
1560 - 1568 Eric XIV
88%
1751 - 1771 Adolf Frederick
81%
1216 - 1222 John I
79%
1497 - 1513 John II
79%
1568 - 1592 John III
79%
1720 - 1751 Frederick I
67%
1457 - 1464 Christian I
62%
1520 - 1523 Christian the Tyrant
62%
1632 - 1654 Christina
62%
1844 - 1859 Oscar I
60%
1872 - 1907 Oscar II
60%
c. 995 - c. 1022 Olof Skötkonung
55%
1126 - 1130 Magnus I
50%
1160 - 1161 Magnus II
50%
1275 - 1290 Magnus III
50%
1319 - 1364 Magnus IV
50%
1389 - 1412 Margaret I
47%
1592 - 1599 Sigismund
44%
1718 - 1720 Ulrica Eleanor
43%
1084 - 1087 Blot-Sweyn
40%
1167 - c. 1196 Canute I
39%
1229 - 1234 Canute II
39%
1290 - 1318 Birger
33%
1362 - 1364 Haakon
32%
1075 - 1079 Håkan the Red
32%
c. 1022 - 1050 Anund Jacob
29%
1250 - 1275 Valdemar
28%
1105 - 1118 Philip
26%
1441 - 1448 Christopher
24%
1364 - 1389 Albert
23%
1130 - 1156 Sverker I
21%
1196 - 1208 Sverker II
21%
1070 - 1075 Anund Gårdske
19%
1050 - 1060 Emund the Old
18%
1079 - 1084 Inge the Elder
18%
1087 - 1105 Inge the Elder
18%
1110 - 1125 Inge the Younger
18%
1060 - 1066 Stenkil
18%
1067 - 1070 Halsten Stenkilsson
14%
1079 - 1084 Halsten Stenkilsson
14%
1125 - 1126 Ragnvald Knaphövde
13%
No matching quizzes found
Score Distribution
Percent of People with Each Score
Percentile by Number Answered
Your Score History
You have not taken this quiz since the last reset